Antología : prosa, teatro, poesía (Registro nro. 3109)
[ vista simple ]
| 000 -CABECERA | |
|---|---|
| Longitud fija campo de control | 00828nam a2200277 i 4500 |
| 005 - • FECHA Y HORA DE LA ÚLTIMA TRANSACCIÓN | |
| Fecha y hora de la última transacción | 20220317000111.0 |
| 007 - • CAMPO FIJO DE DESCRIPCIÓN FÍSICA | |
| Campo fijo de descripción física | ta |
| 008 - • CÓDIGOS DE INFORMACIÓN DE LONGITUD FIJA | |
| Códigos de información de longitud fija | 200419s2011 mx gr 000 0 spa d |
| 020 ## - • NÚMERO INTERNACIONAL NORMALIZADO PARA LIBROS | |
| Número Internacional Normalizado para Libros (ISBN) | 9789681609832 |
| 040 ## - FUENTE DE LA CATALOGACIÓN | |
| Centro catalogador de origen | CO-BoRNBP |
| Lengua de catalogación | spa |
| Normas de descripción | rda |
| Centro transcriptor | CO-BoRNBP |
| 041 0# - • CÓDIGO DE LENGUA | |
| Código de lengua del texto/banda sonora o título independiente | spa |
| 043 ## - CÓDIGO DE ÁREA GEOGRÁFICA | |
| Código de área geográfica | n-mx--- |
| 082 04 - • NÚMERO DE LA CLASIFICACIÓN DECIMAL DEWEY | |
| Número de clasificación (R) | Me864.08 |
| Número del ítem | R29a |
| Número de edición | 23 |
| 100 1# - • PUNTO DE ACCESO PRINCIPAL-NOMBRE DE PERSONA | |
| Nombre de persona | Reyes, Alfonso |
| Fechas asociadas al nombre | 1889-1959 |
| Término indicativo de función | autor |
| 245 10 - • TITULO PROPIAMENTE DICHO | |
| Título | Antología : prosa, teatro, poesía |
| Mención de responsabilidad, etc. | Alfonso Reyes |
| 250 ## - • MENCIÓN DE EDICIÓN | |
| Mención de edición | Primera edición |
| 264 #1 - PRODUCCIÓN, PUBLICACIÓN , DISTRIBUCIÓN, FABRICACIÓN Y COPYRIGHT | |
| Lugar de producción, publicación, distribución, fabricación | México |
| Nombre del productor, editor, distribuidor, fabricante | Fondo de Cultura Económica |
| Fecha de de producción, publicación, distribución, fabricación o copyright | 2011 |
| 300 ## - • DESCRIPCIÓN FÍSICA | |
| Extensión | 164 páginas |
| Dimensiones | 20 cm |
| 336 ## - TIPO DE CONTENIDO | |
| Término de tipo de contenido | texto |
| Código de tipo de contenido | txt |
| Fuente | rdacontent |
| 337 ## - TIPO DE MEDIO | |
| Nombre del tipo de medio | sin mediación |
| Código del tipo de medio | n |
| Fuente | rdamedia |
| 338 ## - TIPO DE SOPORTE | |
| Nombre del tipo de soporte | volumen |
| Código del tipo de soporte | nc |
| Fuente | rdacarrier |
| 650 17 - • PUNTO DE ACCESO ADICIONAL DE MATERIA - TÉRMINO DE MATERIA | |
| Término de materia o nombre geográfico como elemento inicial | Autores mexicanos |
| Fuente del encabezamiento o término | ARMARC |
| 650 17 - • PUNTO DE ACCESO ADICIONAL DE MATERIA - TÉRMINO DE MATERIA | |
| Término de materia o nombre geográfico como elemento inicial | Poesía mexicana |
| Fuente del encabezamiento o término | ARMARC |
| 650 17 - • PUNTO DE ACCESO ADICIONAL DE MATERIA - TÉRMINO DE MATERIA | |
| Término de materia o nombre geográfico como elemento inicial | Literatura mexicana |
| Fuente del encabezamiento o término | ARMARC |
| 942 ## - ENTRADA DE ELEMENTOS AGREGADOS (KOHA) | |
| Fuente de clasificaión o esquema | Dewey Decimal Classification |
| Koha [por defecto] tipo de item | Libro Literatura |
| Perdido | Fuente de clasificación o esquema | Estado Físico | No para préstamo | Localización permanente | Localización actual | Localización en estanterías | Fecha adquisición | Préstamos totales | Signatura completa | Código de barras | Fecha última consulta | Número de copia | Fecha del precio de reemplazo | Tipo de item de Koha | Forma de adquisición | Serie de enumeración / cronolog&íacute;a | Note pública |
|---|---|---|---|---|---|---|---|---|---|---|---|---|---|---|---|---|---|
| Dewey Decimal Classification | Biblioteca Pública Fuentedeoro - Henry Llanos García | Biblioteca Pública Fuentedeoro - Henry Llanos García | General | 06/06/2023 | ME864.08 R29a | Fo00001035 | 06/06/2023 | Ej.1 | 06/06/2023 | Libro Literatura | Colección General | ||||||
| Dewey Decimal Classification | Biblioteca Pública El Castillo - Alfonso Meneses | Biblioteca Pública El Castillo - Alfonso Meneses | Literatura hispanoamericana | 09/21/2023 | ME864.08 R29a | EC02916 | 09/21/2023 | Ej.1 | 09/21/2023 | Libro Literatura | Colección General | ||||||
| Biblioteca Pública Departamental Eduardo Carranza - Villavicencio | Biblioteca Pública Departamental Eduardo Carranza - Villavicencio | General | 07/22/2004 | ME864.08 R29a | ECA15165 | 11/25/2024 | Ej.1 | 11/25/2024 | LIbro | Sala General | Vol.1 | 1371 | 1640 | |||||
| Dewey Decimal Classification | Biblioteca Pública Guamal | Biblioteca Pública Guamal | General | 04/13/2023 | ME864.08 R29a | GUA003129 | 04/13/2023 | Ej.1 | 04/13/2023 | Libro Literatura | Colección General | ||||||
| Dewey Decimal Classification | Biblioteca Pública La Macarena | Biblioteca Pública La Macarena | Literatura | 09/13/2023 | ME864.08 R29a | LM00474 | 09/13/2023 | Ej.1 | 09/13/2023 | Libro Literatura | Colección General | ||||||
| Dewey Decimal Classification | Biblioteca Pública Mapiripan | Biblioteca Pública Mapiripan | General | 01/18/2024 | ME864.08 R29a | MAP00002750 | 01/18/2024 | Ej.1 | 01/18/2024 | Libro Literatura | Colección General | ||||||
| Dewey Decimal Classification | Biblioteca Pública Medellin del Ariari - El Castillo | Biblioteca Pública Medellin del Ariari - El Castillo | Referencia | 11/10/2024 | Me864.08 -R29a | BM0001013 | 11/10/2024 | Ej.1 | 11/10/2024 | Libro Literatura | Colección General | ||||||
| Dewey Decimal Classification | Biblioteca Pública Puerto Rico | Biblioteca Pública Puerto Rico | Literatura | 12/07/2022 | PR000000L80 | ME864.08R29aEj.1 | 12/07/2022 | Ej.1 | 12/07/2022 | Libro Literatura | |||||||
| Dewey Decimal Classification | Biblioteca Pública Uribe - Reinerio Arenas | Biblioteca Pública Uribe - Reinerio Arenas | General | 08/16/2024 | ME864.08 R29a | URI01154 | 08/16/2024 | Ej.1 | 08/16/2024 | Libro Literatura | Colección General |